000 01076nac a22003137a 4500
001 BR7805085
003 BR-BrBNA
005 20240105114255.0
008 230509b bl.|||m| |||| 00| 0 por d
040 _aBR-BrBNA
_bpor
_cBiblioteca Nacional de Agricultura
072 _aE70
090 _a4500 BR7805085
110 1 _aMinisterio das Relacoes Exteriores, Brasilia, DF (Brasil). Depto. de Promocao Comercial;
_97087
110 1 _aInstituto de Planejamento Economico e Social, Brasilia, DF (Brasil)
_96238
245 1 _aMexico. Maquinas, implementos e tratores agricolas [Mercado internacional; Exportacao]
260 3 _aBrasilia, DF (Brasil):
_c1978.
300 _a203 p.
490 _aMercados para o Brasil. Estudos Especiais (Brazil)
_vno. 44
_x
500 _a20 tables
650 _aComercializacao
650 _aImplemento agricola
650 _aMaquina agricola
650 _aTrator
650 _aMercado internacional
650 _aPolitica comercial
650 _aMexico
909 _a202312
_bLúcia Elande
_c55
_dLúcia Elande
942 _2AGRIS
_n0
_cMS
999 _c268398
_d268398